MARKETING WARFARE (Record no. 24378)

MARC details
000 -LEADER
fixed length control field 00250nam a2200121Ia 4500
008 - FIXED-LENGTH DATA ELEMENTS--GENERAL INFORMATION
fixed length control field 240624s9999 xx 000 0 und d
041 ## - LANGUAGE CODE
Language code of text/sound track or separate title eng
082 ## - DEWEY DECIMAL CLASSIFICATION NUMBER
Classification number 658.8 RIE
100 ## - MAIN ENTRY--PERSONAL NAME
Personal name RIES AL
245 ## - TITLE STATEMENT
Title MARKETING WARFARE
260 ## - PUBLICATION, DISTRIBUTION, ETC.
Date of publication, distribution, etc. 1986
365 ## - TRADE PRICE
Currency code
Holdings
Withdrawn status Lost status Damaged status Not for loan Home library Current library Shelving location Date acquired Cost, normal purchase price Total Checkouts Total Renewals Full call number Barcode Date due Date last seen Date last checked out Copy number Price effective from Koha item type
        IMTN IMTN Rack 35-A 07/21/2015 11.95 6 2 658.8 RIE 24378 01/18/2026 01/08/2026 01/08/2026 67.3 06/24/2024 Books
Designed & Maintained by: LRC IMT Nagpur Contact: lrc@imtnag.ac.in© 2024. All Rights Reserved.